LEADER 01069nam0-22003611i-450- 001 990008299440403321 005 20091130114635.0 010 $a88-408-1308-X 035 $a000829944 035 $aFED01000829944 035 $a(Aleph)000829944FED01 035 $a000829944 100 $a20060321d2005----km-y0itay50------ba 101 1 $aita 102 $aIT 105 $aa-------001yy 200 1 $aAnatomia & fisiologia$fGary A. Thibodeau, Kevin T. Patton$gCarla Biondi, Daniele Ricci, Massimo Trevisi 205 $a4. ed 210 $aMilano$cCasa Editrice Ambrosiana$dc2005 215 $axxxiii, 1105 p.$cill. (col.)$d28 cm 300 $atit. orig.: Anatomy & physiology, 5th ed., c2003, Mosby 610 0 $aAnatomia umana 610 0 $aFisiologia umana 676 $a612 700 1$aThibodeau,$bGary A.$0284361 701 1$aPatton,$bKevin T.$0284362 801 0$aIT$bUNINA$gRICA$2UNIMARC 901 $aBK 912 $a990008299440403321 952 $a612-THI-1$b4224$fSC1 959 $aSC1 996 $aAnatomy & physiology$954356 997 $aUNINA LEADER 01618nam2-2200421li-450 001 990000189640203316 005 20180312154821.0 010 $a0-86380-076-9 035 $a0018964 035 $aUSA010018964 035 $a(ALEPH)000018964USA01 035 $a0018964 100 $a20001109d1989----km-y0itay0103----ba 101 0 $aeng 102 $aGB 200 1 $aEngineering applications of stochastic processes$etheory, problems and solutions$fAlexander Zayezdny, Daniel Tabak, Dov Wulich$gtext editor Peter Smith 210 $aTaunton [etc.]$cResearch Studies Press ; New York [etc.]$cJohn Wiley & Sons$dcopyr. 1989 215 $aXVI, 507 p.$cill.$d23 cm 225 2 $aElectronic & electrical engineering research studies. Applied and engineering mathematics series$v5 410 0$10010018965$12001$aElectronic & electrical engineering research studies. Applied and engineering mathematics series 610 1 $aingegneria elettrica$ametodi matematici 610 1 $aprocessi stocastici 676 $a6213$9Ingegneria elettromagnetica e branche connesse 700 1$aZayezdny,$bAlexander$0753328 702 1$aSmith,$bPeter 702 1$aTabak,$bDaniel 702 1$aWulich,$bDov 801 $aSistema bibliotecario di Ateneo dell' Università di Salerno$gRICA 912 $a990000189640203316 951 $a621.3 ZAY$b0013677 959 $aBK 969 $aSCI 979 $c19920406 979 $c20001110$lUSA01$h1713 979 $c20020403$lUSA01$h1626 979 $aPATRY$b90$c20040406$lUSA01$h1614 996 $aEngineering applications of stochastic processes$91515417 997 $aUNISA LEADER 01388nam--2200409---450- 001 990003175790203316 005 20081118183517.0 010 $a88-230-1172-8 035 $a000317579 035 $aUSA01000317579 035 $a(ALEPH)000317579USA01 035 $a000317579 100 $a20081118d2007----km-y0itay50------ba 101 $aita 102 $aIT 105 $a||||||||001yy 200 1 $a15 anni dopo: pubblico è meglio$eindagine sulla trasformazione dei servizi pubblici, del lavoro e della partecipazione democratica$fa cura di Cinzia Arruzza e Corrado Oddi 210 $aRoma$cEdiesse$dcopyr. 2007 215 $a272 p.$d21 cm 225 2 $aNuovo municipio 300 $aIn testa al front: Arci, Associazione Nuovo Municipio, Attac Italia, Funzione Pubblica Cgil 410 0$1001$12001$aNuovo municipio 517 1 $aQuindici anni dopo: pubblico è meglio 606 0 $aServizi pubblici$xPrivatizzazione$yItalia 676 $a363.60945 702 1$aARRUZZA,$bCinzia 702 1$aODDI,$bCorrado 801 0$aIT$bsalbc$gISBD 912 $a990003175790203316 951 $aDSSP 363.60945 ARR$b14888 DSSP 959 $aBK 969 $aDSSP 979 $aDSSP1$b10$c20081118$lUSA01$h1828 979 $aDSSP1$b10$c20081118$lUSA01$h1829 979 $aDSSP1$b10$c20081118$lUSA01$h1835 996 $a15 anni dopo: pubblico è meglio$91013897 997 $aUNISA LEADER 01445nam a2200361 i 4500 001 991000871779707536 005 20020507102600.0 008 940322s1984 de ||| | eng 035 $ab10141431-39ule_inst 035 $aLE00638328$9ExL 040 $aDip.to Fisica$bita 082 00$a523.8$219 084 $a52.9.53 084 $a52.9.55 084 $aLC QB799 111 2 $aCambridge Workshop on Cool Stars, Stellar Systems, and the Sun$n<3rd :$d1983>$0461505 245 10$aCool stars, stellar systems and the sun :$bproceedings of the Third Cambridge Workshop on Cool Stars, Stellar Systems, and the Sun, held in Cambridge, Massachusetts, October 5-7, 1983 /$cedited by S.L. Balliunas and L. Hartmann 260 $aBerlin :$bSpringer,$c1984 300 $avii, 364 p. ;$c25 cm 490 0 $aLecture notes in physics / edited by J. Ehlers...[et al.] ;$v193 504 $aIncludes bibliographies 650 0$aStars$xCongresses 650 0$aCool stars$xCongresses 651 0$aSun$xCongresses 700 1 $aBaliunas, Sallie L. 700 1 $aHartmann, Lee 700 1 $aHartmann, L. 907 $a.b10141431$b17-02-17$c27-06-02 912 $a991000871779707536 945 $aLE006 52.9.53+52.9.55 BAL$g1$i2006000028226$lle006$o-$pE0.00$q-$rl$s- $t0$u0$v0$w0$x0$y.i10167833$z27-06-02 996 $aCool stars, stellar systems and the sun$9187018 997 $aUNISALENTO 998 $ale006$b01-01-94$cm$da $e-$feng$gde $h0$i1